000 00568nam a2200229Ia 4500
003 OSt
005 20221005114517.0
006 a|||||r|||| 00| 0
007 ta
008 221004b |||||||| |||| 00| 0 eng d
024 _a35361
037 _cTextual
040 _aCRL
_cCRL
_beng
041 _2eng
_aeng
082 _a/\2y7M72aN7, L2
100 _aKaul H K
245 0 _aAurobindo
_b A descriptive bibliography
260 _c1972
650 _aSPIRITUALISM
942 _h/\2y7M72aN7, L2
_cTEXL
_2cc
999 _c1031527
_d1031527